00354nam a2200145Ia 4500008004000000020001800040041000800058082001600066100002500082245001700107260005000124300001300174650001200187650000900199210210b2011 xxu||||| |||| 00| 0 eng d a9788126144174 aeng a070.43 SINN aSINGH (Bhanu Pratap) aNews writing aNew DelhibAnmol Publications Pvt. Ltd.c2011 aviii,320 awriting aNews